| 000 | 00785nam a2200217Ii 4500 | ||
|---|---|---|---|
| 003 | JO-AjNU | ||
| 008 | 230605s9999||||xx |||||||||||||| ||und|| | ||
| 017 | _a2021/9/5406 | ||
| 020 | _a978-9957-00-852-9 | ||
| 040 |
_aJO-AjNU _bara _erda _cJO-AjNU |
||
| 041 | _aara | ||
| 050 | 1 | 4 | _aBF431.S53 2022 |
| 100 | 3 |
_aشكشك، انس, _eauthor _962781 |
|
| 245 | 0 | 0 | _aالذكاء البصري الفراغي: فلسفة الذكاءالابداعي |
| 264 | 3 | 1 | _aعمان: دار الشروق للنشر والتوزيع، 2022 |
| 300 | _a136ص | ||
| 336 |
_atext _btxt _2rdacontent |
||
| 337 |
_aunmediated _bn _2rdamedia |
||
| 338 |
_avolume _bnc _2rdacarrier |
||
| 650 | 4 |
_aالذكاء البصري-الادراك-الابداع-التعلم-العمليات العقليه _962782 |
|
| 999 |
_aA28445 _c32013 _d32013 |
||